000 00432nam a2200181Ia 4500
001 2549
005 20260306144815.0
008 260306t2013||||xx |||||||||||||| ||spa||
041 _aESP
082 _a616.8914
_bY76
100 _aYoung, Jeffrey E.
_eAUT
245 0 _aTerapia de esquemas:
_bguía práctica
260 _c2013
300 _a632 páginas :
_c21 cm.
650 _aGEN
654 _aCPS
942 _cLIB
_dJUS
_fJUS
_2ddc
_n
999 _c2549
_d2549